| Record ID | marc_records_scriblio_net/part28.dat:157254567:617 |
| Source | Scriblio |
| Download Link | /show-records/marc_records_scriblio_net/part28.dat:157254567:617?format=raw |
LEADER: 00617cam 22002171 4500
001 a 55008395
003 DLC
005 20050827190130.0
008 750127s1955 xx 000 0 eng
010 $aa 55008395
035 $a(OCoLC)1153361
040 $aDLC$cCtWeharU$dOCoLC$dDLC
042 $apremarc
050 00 $aHE357$b.C3
110 2 $aCanadian Tax Foundation.
245 10 $aTaxes and traffic;$ba study of highway financing.
260 $aToronto,$c1955.
300 $a158 p.$btables$c23 cm.
440 0 $aCanadian tax papers,$vno. 8
504 $a"Selected bibliography": p. 154-158.
650 0 $aRoads$zCanada$xFinance.